01007nam a2200277 a 450000100060000000300080000600500170001400800410003103500190007204000230009104100080011408200260012210000580014824501090020625000120031526000270032730000360035435000090039050400300039965000440042965000430047365000430051694200120055999900170057195201410058858248BD-RjUL20211209080612.0161217s1967 enkb b 000 0 eng  a(BD-RjUL)58372 aDLCcDLCdDLCbeng aeng00a330.944223bHEI 19671 aHenderson, W. O.q(William Otto),d1904-1993.917302314aThe Industrial Revolution on the continent: Germany, France, Russian, 1800-1914 /c[by] W. O. Henderson. a2nd ed. aLondon :bCass,c1967. aix, 291 p. :b9 maps. ;c23 cm. a30/- aBibliography: p. 247-261. 0aIndustrial revolutionzGermany.9173024 0aIndustrial revolutionzFrance.9173025 0aIndustrial revolutionzRussia.9173026 2ddccBK c58248d58248 00102ddc40718NFICaRUCLbRUCLcReadingd1968-06-12eZeitlingerg30.00l0o330.944 HEI 1967r2016-12-17 00:00:00tC-1w2016-12-17yBK